<?xml version="1.0" encoding="UTF-8"?>
<record
    xmlns:xsi="http://www.w3.org/2001/XMLSchema-instance"
    xsi:schemaLocation="http://www.loc.gov/MARC21/slim http://www.loc.gov/standards/marcxml/schema/MARC21slim.xsd"
    xmlns="http://www.loc.gov/MARC21/slim">

  <leader>02066nam a22003257a 4500</leader>
  <datafield tag="999" ind1=" " ind2=" ">
    <subfield code="c">21909</subfield>
    <subfield code="d">21909</subfield>
  </datafield>
  <controlfield tag="003">AR-CdUCM</controlfield>
  <controlfield tag="008">190425b           ||||| |||| 00| 0 spa d</controlfield>
  <datafield tag="040" ind1=" " ind2=" ">
    <subfield code="a">MUNICIPALIDAD PROVINCIAL DEL CUSCO</subfield>
    <subfield code="c">BIBLIOTECA MUNICIPAL DEL CUSCO</subfield>
  </datafield>
  <datafield tag="082" ind1=" " ind2=" ">
    <subfield code="a">Rev.MA/N&#xB0;4/2000</subfield>
  </datafield>
  <datafield tag="110" ind1=" " ind2=" ">
    <subfield code="a">Universidad Nacional De San Antonio Abad del Cusco</subfield>
    <subfield code="9">15942</subfield>
  </datafield>
  <datafield tag="245" ind1=" " ind2=" ">
    <subfield code="a">Maestros Antonianos II /</subfield>
    <subfield code="c">Universidad Nacional de San Antonio Abad del Cusco</subfield>
  </datafield>
  <datafield tag="260" ind1=" " ind2=" ">
    <subfield code="a">Cusco :</subfield>
    <subfield code="b">UNSAAC,</subfield>
    <subfield code="c">2000.</subfield>
  </datafield>
  <datafield tag="300" ind1=" " ind2=" ">
    <subfield code="a">227 p&#xE1;ginas. :</subfield>
    <subfield code="c">25 cm.</subfield>
  </datafield>
  <datafield tag="440" ind1=" " ind2=" ">
    <subfield code="a">Ediciones Especiales UNSAAC</subfield>
    <subfield code="n">Siglo XX. N&#xB0;4</subfield>
    <subfield code="9">46794</subfield>
  </datafield>
  <datafield tag="505" ind1=" " ind2=" ">
    <subfield code="a">Contenido: Alberto Coello. La estereoqu&#xED;mica. -- Humberto Jos&#xE9; Castro. Nueva teor&#xED;a para explicar el mecanismo de los fen&#xF3;menos catal&#xED;ticos i de la fermentaci&#xF3;n. --  M. Alejandro Ar&#xE9;valo G. Teor&#xED;a At&#xF3;mica y Radioactividad. -- Luis A. Pardo. El Cuzco en la era megal&#xED;tica. Ruinas de Hatun Rumiyoc y otros restos. Casa de Hatun Rumiyocc. Hacia Ahuacpinta. Incatiana. Restos aislados. Estilo cicl&#xF3;peo. Cuando se destruyo el Cuzco de la era megal&#xED;tica. -- Oswaldo Baca Mendoza. Leyes gen&#xE9;ticas de los elementos qu&#xED;micos. Nuevo sistema peri&#xF3;dico. Tesis para optar el grado de doctor en Ciencias Naturales y F&#xED;sicas. Un indicador de acidez y alcalinidad. -- Horacio Villanueva Urteaga. Prehistoria. Los primeros pobladores de Cajamarca. Las toponimias abor&#xED;genes del departamento de Cajamarca. Historia. La conquista de Cajamarca. Cajamarca colonial. -- Carlos Kalafatovich V. La edad formativa de la formaci&#xF3;n Pachatusan.
</subfield>
  </datafield>
  <datafield tag="650" ind1=" " ind2=" ">
    <subfield code="a">Intelectuales cusque&#xF1;os</subfield>
    <subfield code="9">46142</subfield>
  </datafield>
  <datafield tag="650" ind1=" " ind2=" ">
    <subfield code="a">Cusque&#xF1;os ilustres</subfield>
    <subfield code="9">46064</subfield>
  </datafield>
  <datafield tag="650" ind1=" " ind2=" ">
    <subfield code="a">Qu&#xED;mica</subfield>
    <subfield code="9">4512</subfield>
  </datafield>
  <datafield tag="650" ind1=" " ind2=" ">
    <subfield code="a">Cient&#xED;ficos cusque&#xF1;os</subfield>
    <subfield code="9">46795</subfield>
  </datafield>
  <datafield tag="650" ind1=" " ind2=" ">
    <subfield code="a">Arqueolog&#xED;a cusque&#xF1;a</subfield>
    <subfield code="9">9322</subfield>
  </datafield>
  <datafield tag="700" ind1=" " ind2=" ">
    <subfield code="a">Coello, Alberto</subfield>
    <subfield code="9">46796</subfield>
  </datafield>
  <datafield tag="700" ind1=" " ind2=" ">
    <subfield code="a">Ar&#xE9;valo, Alejandro</subfield>
    <subfield code="9">46797</subfield>
  </datafield>
  <datafield tag="700" ind1=" " ind2=" ">
    <subfield code="a">Pardo, Luis A</subfield>
    <subfield code="9">25736</subfield>
  </datafield>
  <datafield tag="700" ind1=" " ind2=" ">
    <subfield code="a">Baca Mendoza, Oswaldo</subfield>
    <subfield code="9">29966</subfield>
  </datafield>
  <datafield tag="700" ind1=" " ind2=" ">
    <subfield code="a">Vargas, C&#xE9;sar</subfield>
    <subfield code="9">45886</subfield>
  </datafield>
  <datafield tag="700" ind1=" " ind2=" ">
    <subfield code="a">Villanueva Urteaga, Horacio</subfield>
    <subfield code="9">5790</subfield>
  </datafield>
  <datafield tag="700" ind1=" " ind2=" ">
    <subfield code="a">Kalafatovich, Carlos</subfield>
    <subfield code="9">45994</subfield>
  </datafield>
  <datafield tag="942" ind1=" " ind2=" ">
    <subfield code="2">ddc</subfield>
    <subfield code="c">PP</subfield>
  </datafield>
  <datafield tag="945" ind1=" " ind2=" ">
    <subfield code="a">rac</subfield>
  </datafield>
  <datafield tag="952" ind1=" " ind2=" ">
    <subfield code="0">0</subfield>
    <subfield code="2">ddc</subfield>
    <subfield code="4">0</subfield>
    <subfield code="7">0</subfield>
    <subfield code="a">HEM</subfield>
    <subfield code="b">HEM</subfield>
    <subfield code="c">CART</subfield>
    <subfield code="d">2021-10-15</subfield>
    <subfield code="g">10.00</subfield>
    <subfield code="o">Rev.MA/N&#xB0;4/2000</subfield>
    <subfield code="p">REVC000425</subfield>
    <subfield code="r">2021-10-15</subfield>
    <subfield code="y">PP</subfield>
  </datafield>
  <datafield tag="952" ind1=" " ind2=" ">
    <subfield code="0">0</subfield>
    <subfield code="2">ddc</subfield>
    <subfield code="4">0</subfield>
    <subfield code="7">0</subfield>
    <subfield code="a">HEM</subfield>
    <subfield code="b">HEM</subfield>
    <subfield code="c">CART</subfield>
    <subfield code="d">2021-10-15</subfield>
    <subfield code="g">10.00</subfield>
    <subfield code="o">Rev.MA/N&#xB0;4/2000/e.2</subfield>
    <subfield code="p">REVC000426</subfield>
    <subfield code="r">2021-10-15</subfield>
    <subfield code="y">PP</subfield>
  </datafield>
  <datafield tag="952" ind1=" " ind2=" ">
    <subfield code="0">0</subfield>
    <subfield code="2">ddc</subfield>
    <subfield code="4">0</subfield>
    <subfield code="7">0</subfield>
    <subfield code="a">HEM</subfield>
    <subfield code="b">HEM</subfield>
    <subfield code="c">CART</subfield>
    <subfield code="d">2021-10-15</subfield>
    <subfield code="g">10.00</subfield>
    <subfield code="o">Rev.MA/N&#xB0;4/2000/e.3</subfield>
    <subfield code="p">REVC000427</subfield>
    <subfield code="r">2021-10-15</subfield>
    <subfield code="y">PP</subfield>
  </datafield>
</record>
